Śekala chen̐ṛāra gāna / (Record no. 83161)

MARC details
000 -LEADER
fixed length control field 00493cam a2200181 a 4500
001 - CONTROL NUMBER
control field sa 68009815
003 - CONTROL NUMBER IDENTIFIER
control field DLC
005 - DATE AND TIME OF LATEST TRANSACTION
control field 20260227112547.0
008 - FIXED-LENGTH DATA ELEMENTS--GENERAL INFORMATION
fixed length control field 971212s1968 ii 000 0 beno
010 ## - LIBRARY OF CONGRESS CONTROL NUMBER
LC control number sa 68009815
040 ## - CATALOGING SOURCE
Original cataloging agency DLC
Transcribing agency DLC
Modifying agency DLC
050 00 - LIBRARY OF CONGRESS CALL NUMBER
Classification number PK1718.D37
Item number S4
100 1# - MAIN ENTRY--PERSONAL NAME
Personal name Datta, Sunil.
245 10 - TITLE STATEMENT
Title Śekala chen̐ṛāra gāna /
Statement of responsibility, etc. Sunil Datta.
260 ## - PUBLICATION, DISTRIBUTION, ETC.
Place of publication, distribution, etc. Kalikātā :
Name of publisher, distributor, etc. Jātīẏa Sāhitya Parishada,
Date of publication, distribution, etc. 1375 [1968]
300 ## - PHYSICAL DESCRIPTION
Extent 76 p. ;
Dimensions 19 cm.
546 ## - LANGUAGE NOTE
Language note In Bengali.

No items available.

Powered by Koha